Belgian football stadiums - Statistics

General Stats
  • This quiz has been taken 57 times
  • The average score is 8 of 25
Answer Stats
City Capacity Answer % Correct
Bruges 29.062 Jan Breydelstadion
87%
Deurne (Antwerp) 16.144 Bosuilstadion
74%
Brussel 50.093 King Baudouin Stadium
65%
Anderlecht 21.500 Lotto Park
65%
Ghent 20.000 Ghelamco Arena
63%
Genk 23.718 Luminus Arena
50%
Waregem 12.414 Regenboogstadion
46%
Sint-Truiden 14.600 Stayen
44%
Kortrijk 9.399 Guldensporenstadion
39%
Mechelen 16.672 AFAS-stadion Achter de Kazerne
33%
Liege 27.670 Stade Maurice Dufrasne
33%
Lokeren 12.136 Daknamstadion
31%
Antwerp 12.500 Olympisch Stadion
30%
Charleroi 15.000 Stade du Pays de Charleroi
26%
Eupen 8.363 Kehrwegstadion
20%
Roeselare 8.340 Schiervelde
13%
Lier 14.538 Herman Van Der Poortenstadion
11%
Molenbeek-Saint-JeanSint-Jans-Molenbeek 12.266 Stade Edmond Machtenstadion
11%
Mouscron 10.800 Le Cannonier
7%
Oostende 8.400 Versluys Arena
7%
Harelbeke 10.000 Forestiersstadion
4%
La Louvière 12.500 Stade Communal du Tivoli
4%
Leuven 10.020 King Power @ Den Dreef Stadion
2%
Liege 11.000 Stade Buraufosse
2%
Hasselt 8.800 Stedelijk Sportstadion Hasselt
2%
No matching quizzes found
Score Distribution
Percent of People with Each Score
Percentile by Number Answered
Your Score History
You have not taken this quiz